Study on the duration of basic vegetative phase of some rice varieties, សិក្សាទៅលើរយៈពេលពេញវ័យរបស់ពូជស្រុវមួយចំនួន (Record no. 2833)
[ view plain ]
| 000 -LEADER | |
|---|---|
| fixed length control field | 00561nam a22001577a 4500 |
| 003 - CONTROL NUMBER IDENTIFIER | |
| control field | OSt |
| 005 - DATE AND TIME OF LATEST TRANSACTION | |
| control field | 20151028150848.0 |
| 008 - FIXED-LENGTH DATA ELEMENTS--GENERAL INFORMATION | |
| fixed length control field | 151028b xxu||||| |||| 00| 0 eng d |
| 040 ## - CATALOGING SOURCE | |
| Transcribing agency | RUA |
| 082 ## - DEWEY DECIMAL CLASSIFICATION NUMBER | |
| Classification number | ATM.Sp PAN 2003 B064 O.1 |
| 100 ## - MAIN ENTRY--PERSONAL NAME | |
| 9 (RLIN) | 3039 |
| Personal name | PANG, BORA. |
| 245 ## - TITLE STATEMENT | |
| Title | Study on the duration of basic vegetative phase of some rice varieties, សិក្សាទៅលើរយៈពេលពេញវ័យរបស់ពូជស្រុវមួយចំនួន |
| 260 ## - PUBLICATION, DISTRIBUTION, ETC. (IMPRINT) | |
| Place of publication, distribution, etc. | Phnom Penh |
| Name of publisher, distributor, etc. | RUA |
| Date of publication, distribution, etc. | 2003 |
| 300 ## - PHYSICAL DESCRIPTION | |
| Extent | 70p. |
| Other physical details | ill. |
| Dimensions | 29cm. |
| 942 ## - ADDED ENTRY ELEMENTS (KOHA) | |
| Source of classification or shelving scheme | |
| Koha item type | ATM.s |
| Price effective from | Date last seen | Permanent Location | Not for loan | Date acquired | Source of classification or shelving scheme | Koha item type | Barcode | Lost status | Damaged status | Shelving location | Withdrawn status | Current Location | Full call number |
|---|---|---|---|---|---|---|---|---|---|---|---|---|---|
| 2015-10-28 | 2015-10-28 | Library Block B | 2015-10-28 | ATM.s | RUA001628 | B064 | Library Block B | ATM.Sp PAN 2003 B064 Or.1 | |||||
| 2015-10-28 | 2015-10-28 | Library Block B | 2015-10-28 | ATM.s | RUA001940 | B064 | Library Block B | ATM.Sp PAN 2003 B064 Or.2 | |||||
| 2015-10-28 | 2015-10-28 | Library Block B | 2015-10-28 | ATM.s | RUA001868 | B064 | Library Block B | ATM.Sp PAN 2003 B064 Or.3 | |||||
| 2015-10-28 | 2015-10-28 | Library Block B | 2015-10-28 | ATM.s | RUA001952 | B064 | Library Block B | ATM.Sp PAN 2003 B064 Or.4 | |||||
| 2015-10-28 | 2015-10-28 | Library Block B | 2015-10-28 | ATM.s | RUA001946 | B064 | Library Block B | ATM.Sp PAN 2003 B064 Or.5 |